00595 2200205 4500001002100000005001500021035002000036007000300056008004100059020002200100082001000122084001600132100002300148245011300171250001100284260003800295300002800333990001400361990001400375INLIS00000000000770520260406115244 a0010-0426000016ta260406 | | ind  a978-979-002-182-2 a628.4 a628.4 SET m1 aSetiawan, Ade Iwan1 aMemanfaatkan Kotoran Ternak Solusi Masalah Lingkungan dan Pemanfaatan Energi Alternatif /cAde Iwan Setiawan aCet. 3 aJakarta :bPenebar Swadaya,c2009 a84 hlm :bilus ;c23 cm a5732/2024 a5733/2024